000
00300 a2200157 4500
001
170990
020
_a
040
_c
Magnum
100
_a
Quintana, Mário
240
1
0
_a
Sapato furado
_l
por
245
1
0
_a
Sapato furado
362
0
_a
1899
440
1
_a
FTD
697
_a
IJ/GERAL
942
_c
BK
999
_c
170990
_d
170990